Connecting students to stem careers : (Record no. 76904)
[ view plain ]
| 000 -LEADER | |
|---|---|
| fixed length control field | 00599nam a22001817a 4500 |
| 005 - DATE AND TIME OF LATEST TRANSACTION | |
| control field | 20130624144327.0 |
| 010 ## - LCCN (DPL NO) | |
| LC control number | ENG-107719 |
| 020 ## - INTERNATIONAL STANDARD BOOK NUMBER | |
| International Standard Book Number | 9789382601173 |
| Terms of availability | 275.00 |
| 035 ## - SYSTEM CONTROL NUMBER | |
| System control number | EN-91252 |
| 037 ## - SOURCE OF ACQUISITION | |
| Source of stock number/acquisition | DBAD/PUB |
| 100 ## - MAIN ENTRY--PERSONAL NAME | |
| Personal name | Cole, Camille |
| 245 ## - TITLE STATEMENT | |
| Title | Connecting students to stem careers : |
| Statement of responsibility, etc | by Camille Cole |
| Remainder of title | social networking strategies / |
| 260 ## - PUBLICATION, DISTRIBUTION, ETC. (IMPRINT) | |
| Place of publication, distribution, etc | Uttar Pradesh |
| Name of publisher, distributor, etc | eVookz |
| Date of publication, distribution, etc | 2011 |
| 270 ## - ADDRESS | |
| Address | 10, Parshawanath Edens, Sector, Alpha-II, Greater Noida |
| City | Uttar Pradesh |
| 300 ## - PHYSICAL DESCRIPTION | |
| Extent | vi,136p. : |
| Dimensions | 28cm(pbk) |
| Other physical details | ill. |
| 500 ## - GENERAL NOTE | |
| General note | Includes bibliographical references and index |
| 942 ## - ADDED ENTRY ELEMENTS (KOHA) | |
| Source of classification or shelving scheme | Dewey Decimal Classification |
| Item type | English Books |
| Call number suffix | COL |
| Withdrawn status | Lost status | Not for loan | Collection code | Home library | Current library | Date acquired | Source of acquisition | Cost, normal purchase price | Full call number | Barcode | Copy number | Cost, replacement price | Koha item type |
|---|---|---|---|---|---|---|---|---|---|---|---|---|---|
| Not For Loan | Non-fiction | D.B.Act.Division | D.B.Act.Division | 24/06/2013 | DBAD/PUB | 275.00 | COL | EN-91252 | 1 | 275.00 | English Books |
